Представление документа в формате MARC21

ПолеНазваниеЗначение
  Тип записи a
  Библиографический уровень m
001 Контрольный номер RU\infra-m\znanium\bibl\2236017
005 Дата корректировки 20260429142147.0
008 Кодируемые данные 260120s2025 RU g rus u
020 Индекс ISBN __
a ISBN 978-5-00139-650-5
040 Источник каталогиз. __
a Служба первич. каталог. Общество с ограниченной ответственностью «ЗНАНИУМ»
041 Код языка издания __
a Код языка текста rus
044 Код страны публикации __
a Код страны публикации RU
080 Индекс УДК __
a Индекс УДК 14
084 Индекс другой классификации/Индекс ББК __
2 Источник индекса rubbk
a Индекс другой классификации/Индекс ББК 873
100 Автор __
a Автор Селларс Д.
q Полное имя Селларс Джон
245 Заглавие __
a Заглавие Философия безмятежности: Тетрафармакос Эпикура
b Продолж. заглавия Научно-популярная литература
250 Сведения об издании __
a Основные сведения об издании 1
260 Выходные данные __
a Место издания Москва
b Издательство ООО "Альпина нон-фикшн"
c Дата издания 2026
300 Физическое описание __
a Объем 96 с.
520 Аннотация __
a Аннотация История не была добра к древнегреческому философу Эпикуру: мало кого из мыслителей так превратно понимали потомки. Уже много веков эпикурейцами называют обжор гедонистов любителей пожить в свое удовольствие — и все из-за того что высшим благом в жизни философ считал наслаждение. Но в чем на самом деле состояло наслаждение для Эпикура призывавшего довольствоваться малым и показывавшего своим ученикам путь к духовной безмятежности? Книга английского философа Джона Селларса правдиво и просто рассказывает о тетрафармакосе — эпикурейском учении исцеляющем от тревог и страхов и основанном на атомистической теории.
521 Примеч. о цел. назн. __
a Примеч. о целев. назн. Дополнительное образование взрослых
650 Тематические рубрики __
a Основная рубрика Философия
x Основная подрубрика Основы философии. Отдельные философские науки
655 Указ. предметных рубрик (устаревшее) __
a Жанр/ форма (устаревшее) Научно-популярная литература
856 Электронный адрес документа 4_
a Имя сервера/домена znanium.ru
m Помощь ebs_support@infra-m.ru
n Местонахождение сервера НИЦ ИНФРА-М
u URL https://znanium.ru/catalog/document?id=474031
856 Электронный адрес документа 48
a Имя сервера/домена znanium.ru
d Путь /cover/2236
f Электронное имя 2236017.jpg
q Тип электронного формата image/jpeg
u URL https://znanium.ru/cover/2236/2236017.jpg
911 __
u 0030=https://znanium.ru/catalog/document?id=474031